All Megalopolises of the World - Statistics

General Stats
  • This quiz has been taken 150 times
  • The average score is 12 of 78
Answer Stats
Continent Megalopolis % Correct
Africa Cairo-Giza
68%
Africa Gauteng
57%
North America Northeast
56%
North America Mexico City megalopolis
45%
North America Great Lakes
42%
North America Florida
41%
North America Texas Triangle
40%
South America Greater Buenos Aires
39%
North America Southern California
37%
Europe Blue Banana
36%
Europe Moscow
36%
Africa Nile River Delta
35%
Asia Delhi megalopolis
34%
Asia Mumbai megalopolis
33%
South America Bogota National Capital Metropolis
32%
North America Northern California
32%
North America Pacific Northwest
31%
Africa Nairobi
30%
Africa Casablanca
28%
Asia Pearl River Delta
27%
Asia Kolkata megalopolis
26%
Europe Green Banana
24%
Asia Chennai megalopolis
23%
Europe Golden Banana
20%
North America Gulf Coast
20%
Asia Yangtze River Delta
20%
Asia Java
16%
North America Guadalajara-Puerto Vallarta-Ocotlán
15%
North America Monterrey-Saltillo-Monclova
15%
North America Piedmont Atlantic
14%
South America Rio de Janeiro–São Paulo
14%
North America Front Range
13%
South America Recife
13%
North America Arizona Sun Corridor
12%
North America Bajío
12%
South America Salvador
10%
Asia Mega Manila
9%
North America Quebec City-Windsor Corridor
9%
Asia Red River Delta
9%
South America Golden Triangle
8%
Asia Central Plain
7%
Europe Gulf of Finland
7%
Asia Taiheiyō Belt
7%
South America Lima-Callao
6%
Europe Atlantic Axis
5%
Asia Bohai Economic Rim
5%
South America Greater Belo Horizonte
5%
South America Greater Curitiba
5%
Europe STRING
5%
South America Caracas-Valencia
4%
South America Greater Porto Alegre
4%
South America Greater Rio de Janeiro
4%
Asia Harbin-Changchun
4%
South America Pacific Belt
4%
South America Santander Belt
4%
Asia Sichuan basin
4%
North America Veracruz-Xalapa-Córdoba
4%
Asia West Coast of the island of Taiwan
4%
North America Calgary-Edmonton Corridor
3%
Asia Central Thailand
3%
Asia Greater Tehran
3%
South America Northeast Atlantic Region
3%
South America São Paulo Macrometropolis
3%
Asia Southeast Economic Zone
3%
Asia Central-Southern Liaoning
2%
Asia Changzhutan
2%
Asia Greater Wuhan megalopolis
2%
Asia Guanzhong
2%
North America San Luis Potosí-Rioverde-Ciudad Fernández
2%
Asia Seoul National Capital Area
2%
Asia Sijori
2%
Asia Western Taiwan Straits Economic Zone
2%
Asia Bosporus
1%
Asia Greater Dhaka
1%
Oceania Greater Southeast Megalopolis
1%
Asia Gush Dan
1%
North America Acayucan-Coatzacoalcos-Minatitlán
0%
North America Matamoros-Nuevo Laredo
0%
No matching quizzes found
Score Distribution
Percent of People with Each Score
Percentile by Number Answered
Your Score History
You have not taken this quiz